Calefacción, ventilación y acondicionamiento del aire. (Record no. 24002)

MARC details
000 -LEADER
campo de control de longitud fija 00761nam a2200205 i 4500
001 - NÚMERO DE CONTROL
campo de control 24002
003 - IDENTIFICADOR DE NÚMERO DE CONTROL
campo de control ES-MaACL
005 - FECHA Y HORA DE LA ÚLTIMA TRANSACCIÓN
campo de control 20230906152954.0
007 - CAMPO FIJO DE DESCRIPCIÓN FÍSICA--INFORMACIÓN GENERAL
campo de control de longitud fija t|
008 - DATOS DE LONGITUD FIJA--INFORMACIÓN GENERAL
campo de control de longitud fija 021213s1965 sp ||||1| spa d
100 1# - ENTRADA PRINCIPAL--NOMBRE DE PERSONA
Nombre de persona Missenard, André.
9 (RLIN) 21544
245 10 - MENCIÓN DEL TÍTULO
Título Calefacción, ventilación y acondicionamiento del aire.
Número de parte o sección de la obra Libro III,
Nombre de parte o sección de la obra Cálculo de los proyectos y de las instalaciones /
Mención de responsabilidad, etc. por A. Missenard ; [traducida por Manuel Sagardia Valcarce].
260 ## - PUBLICACIÓN, DISTRIBUCIÓN, ETC.
Lugar de publicación, distribución, etc. Madrid :
Nombre del editor, distribuidor, etc. Paraninfo,
Fecha de publicación, distribución, etc. 1965.
300 ## - DESCRIPCIÓN FÍSICA
Extensión 185 p., [1] h. de plano pleg. :
Otras características físicas planos ;
Dimensiones 22 cm.
650 #4 - PUNTO DE ACCESO ADICIONAL DE MATERIA--TÉRMINO DE MATERIA
Término de materia o nombre geográfico como elemento de entrada Calefacción.
9 (RLIN) 155174
650 04 - PUNTO DE ACCESO ADICIONAL DE MATERIA--TÉRMINO DE MATERIA
Término de materia o nombre geográfico como elemento de entrada Ventilación.
9 (RLIN) 136979
650 04 - PUNTO DE ACCESO ADICIONAL DE MATERIA--TÉRMINO DE MATERIA
Término de materia o nombre geográfico como elemento de entrada Aire acondicionado.
9 (RLIN) 9705
700 1# - ENTRADA AGREGADA--NOMBRE PERSONAL
Nombre de persona Sagardía Valcarce, Manuel.
9 (RLIN) 101404
852 ## - LOCALIZACIÓN
Ubicación ES-MaACL
Número de control de estantería P-1106
Sublocalización o colección R.61325
Holdings
Estatus retirado Estado de pérdida Estado de daño No para préstamo Biblioteca de origen Biblioteca actual Ubicación en estantería Fecha de adquisición Fuente de adquisición Total de préstamos Signatura topográfica completa Código de barras Visto por última vez Precio de reemplazo Tipo de ítem Koha
        Biblioteca del Ateneo de Madrid Biblioteca del Ateneo de Madrid Depósito 2 17/01/2008     P-1106 1024738 23/02/2023 23/02/2023 Libro impreso